000 00515nam a2200205Ia 4500
001 12970
003 GE_BSU
008 181216s||||||||xx |||||||||||||| ||und||
020 _a0349115214
040 _cGE_BSU
080 _a821.111-32
100 _aWoodruff,William.
245 4 _aThe road to nab end.An extraordinary nortben childhood.
260 _aLondon.
260 _bAbacus.
260 _c1999
300 _a407p;18cm.
653 _aThe road to nab end.An extraordinary nortben childhood.
942 _cBK
999 _c46138
_d46138